The Prior Consultation of Indigenous Peoples in Latin America (Record no. 93093)
[ view plain ]
| 000 -LEADER | |
|---|---|
| fixed length control field | 02815namaa2200433uu 4500 |
| 001 - CONTROL NUMBER | |
| control field | doab122133 |
| 003 - CONTROL NUMBER IDENTIFIER | |
| control field | oapen |
| 005 - DATE AND TIME OF LATEST TRANSACTION | |
| control field | 20260305123951.0 |
| 006 - FIXED-LENGTH DATA ELEMENTS--ADDITIONAL MATERIAL CHARACTERISTICS | |
| fixed length control field | m o d |
| 007 - PHYSICAL DESCRIPTION FIXED FIELD--GENERAL INFORMATION | |
| fixed length control field | cr|mn|---annan |
| 008 - FIXED-LENGTH DATA ELEMENTS--GENERAL INFORMATION | |
| fixed length control field | 231117s2019 xx |||||o ||| 0|eng d |
| 020 ## - INTERNATIONAL STANDARD BOOK NUMBER | |
| International Standard Book Number | 9780367784379 |
| 020 ## - INTERNATIONAL STANDARD BOOK NUMBER | |
| International Standard Book Number | 9781138488069 |
| 020 ## - INTERNATIONAL STANDARD BOOK NUMBER | |
| International Standard Book Number | 9781351042109 |
| 020 ## - INTERNATIONAL STANDARD BOOK NUMBER | |
| International Standard Book Number | 9781351042109 |
| 024 7# - OTHER STANDARD IDENTIFIER | |
| Standard number or code | 10.4324/9781351042109 |
| Source of number or code | doi |
| 040 ## - CATALOGING SOURCE | |
| Original cataloging agency | oapen |
| Transcribing agency | oapen |
| 041 0# - LANGUAGE CODE | |
| Language code of text/sound track or separate title | eng |
| 042 ## - AUTHENTICATION CODE | |
| Authentication code | dc |
| 072 #7 - SUBJECT CATEGORY CODE | |
| Subject category code | RG |
| Source | bicssc |
| 245 00 - TITLE STATEMENT | |
| Title | The Prior Consultation of Indigenous Peoples in Latin America |
| Remainder of title | Inside the Implementation Gap |
| 260 ## - PUBLICATION, DISTRIBUTION, ETC. | |
| Name of publisher, distributor, etc. | Taylor & Francis |
| Date of publication, distribution, etc. | 2019 |
| 300 ## - PHYSICAL DESCRIPTION | |
| Extent | 1 online resource |
| 336 ## - CONTENT TYPE | |
| Content type term | text |
| Content type code | txt |
| Source | rdacontent |
| 337 ## - MEDIA TYPE | |
| Media type term | computer |
| Media type code | c |
| Source | rdamedia |
| 338 ## - CARRIER TYPE | |
| Carrier type term | online resource |
| Carrier type code | cr |
| Source | rdacarrier |
| 506 0# - RESTRICTIONS ON ACCESS NOTE | |
| Terms governing access | Free-to-read |
| Standardized terminology for access restriction | Unrestricted online access |
| Source of term | star |
| 520 ## - SUMMARY, ETC. | |
| Summary, etc. | This book delves into the reasons behind and the consequences of the implementation gap regarding the right to prior consultation and the Free, Prior and Informed Consent (FPIC) of Indigenous Peoples in Latin America. In recent years, the economic and political projects of Latin American States have become increasingly dependent on the extractive industries. This has resulted in conflicts when governments and international firms have made considerable investments in those lands that have been traditionally inhabited and used by Indigenous Peoples, who seek to defend their rights against exploitative practices. After decades of intense mobilisation, important gains have been made at international level regarding the opportunity for Indigenous Peoples to have a say on these matters. Notwithstanding this, the right to prior consultation and the FPIC of Indigenous Peoples on the ground are far from being fully applied and guaranteed. And, even when prior consultation processes are carried out, the outcomes remain uncertain. This volume rigorously investigates the causes of this implementation gap and its consequences for the protection of Indigenous Peoples' rights, lands, identities and ways of life in the Latin American region. |
| 540 ## - TERMS GOVERNING USE AND REPRODUCTION NOTE | |
| Terms governing use and reproduction | All rights reserved |
| Uniform Resource Identifier | <a href="http://oapen.org/content/about-rights">http://oapen.org/content/about-rights</a> |
| 546 ## - LANGUAGE NOTE | |
| Language note | English |
| 650 #7 - SUBJECT ADDED ENTRY--TOPICAL TERM | |
| Topical term or geographic name entry element | Geography |
| Source of heading or term | bicssc |
| 653 ## - INDEX TERM--UNCONTROLLED | |
| Uncontrolled term | consultation rights, FPIC, Free, Prior and Informed consent, indigenous, Indigenous communities, Indigenous consultation, indigenous prior consultation, Indigenous rights, Indigenous threats, latin america, prior consultation |
| 720 1# - ADDED ENTRY--UNCONTROLLED NAME | |
| Name | Wright, Claire |
| Relationship | edt |
| 720 1# - ADDED ENTRY--UNCONTROLLED NAME | |
| Name | Tomaselli, Alexandra |
| Relationship | edt |
| 720 1# - ADDED ENTRY--UNCONTROLLED NAME | |
| Name | Tomaselli, Alexandra |
| Relationship | oth |
| 720 1# - ADDED ENTRY--UNCONTROLLED NAME | |
| Name | Wright, Claire |
| Relationship | oth |
| 793 0# - | |
| -- | DOAB Library. |
| 856 40 - ELECTRONIC LOCATION AND ACCESS | |
| Uniform Resource Identifier | <a href="https://directory.doabooks.org/handle/20.500.12854/122133">https://directory.doabooks.org/handle/20.500.12854/122133</a> |
| Access status | 0 |
| Public note | Free-to-read: DOAB: description of the publication |
No items available.